00458nam a2200193Ia 4500003000400000005001700004008004100021020001500062040000700077041000800084082002100092100002000113245002400133260004000157300001600197365001300213650001500226650002300241OSt20230324095013.0210423s2005 xx 000 0 und d a8126123346 cAL aeng a070.4 223bSHAN aSHAMSI (Nayyar) aJournalism: editing aNew DelhibAnmol Publicationsc2005 avii,405bPB b275cINR aJournalism aJournalism & Media